01114nam a2200241Ia 4500001000700000008004100007082002000048100003700068245023000105260003100335300001100366503001400377650002200391650002400413650003400437700017200471901002000643902000600663905006300669942000600732999001900738952011500757Z_4302220601s9999 xx 000 0 und d aC 636.20897 O73 aOrdoñez Medina, Rafael9136027 aAtlas de técnicas quirúrgicas en bovinos / Rafael Ordoñez M.; colaboración Consuelo Velázquez C.; ilustraciones Hector Ortíz M. y Pedro Otero V.; redacción Lorenzo R. Avila F.; mecanografía Gloria L. Romero M. aMéxico : R. Ordoñez M. a147 p. aej.1: s/n a1. Ganado bovino  aBovinos -- Cirugia  aCirugía veterinaria 923436 aVelázquez C., Consuelo, colab. \ Ortíz M., Hector, il. \ Otero V., Pedro, il. \ Avila F. Lorenzo R., redacción \ Romero M., Gloria L., mecanografíaÌ9181225 aC 636.20897 O73 aM a3232271985 mx a 8281113311spa16 c1 c216931d216931 00102ddc4051708CaZbZd2005-11-09l0oC 636.20897 O73pz_0113r2022-06-02 00:00:00t1w2022-06-02yLIBRO